| 000 | 01556nam a2200337 a 4500 | ||
|---|---|---|---|
| 001 | ebr10520083 | ||
| 003 | CaPaEBR | ||
| 006 | m u | ||
| 007 | cr cn||||||||| | ||
| 008 | 091105s2010 flua s 001 0 eng d | ||
| 010 | _z 2009045640 | ||
| 020 | _z9781604270334 (hbk. alk. paper) | ||
| 020 | _z9781604276800 (e-book) | ||
| 040 |
_aCaPaEBR _cCaPaEBR |
||
| 035 | _a(OCoLC)614291480 | ||
| 050 | 1 | 4 |
_aHD30.2 _b.C3952 2010eb |
| 082 | 0 | 4 |
_a004.068/1 _222 |
| 100 | 1 | _aCassidy, Anita. | |
| 245 | 1 | 2 |
_aA practical guide to reducing IT costs _h[electronic resource] / _cby Anita Cassidy and Dan Cassidy. |
| 260 |
_aFt. Lauderdale, Fla. : _bJ. Ross Pub., _cc2010. |
||
| 300 |
_axviii, 310 p. : _bill. |
||
| 500 | _aIncludes index. | ||
| 505 | 0 | _aCost reduction strategies -- The budgeting process -- The cost reduction project -- Business applications -- Technical infrastructure -- IT processes -- Organization and people -- Overhead and miscellaneous costs -- Communication -- Cost reduction pitfalls -- IT value -- Conclusion. | |
| 533 |
_aElectronic reproduction. _bPalo Alto, Calif. : _cebrary, _d2012. _nAvailable via World Wide Web. _nAccess may be limited to ebrary affiliated libraries. |
||
| 650 | 0 |
_aInformation technology _xManagement. |
|
| 650 | 0 |
_aInformation technology _xCost control. |
|
| 655 | 7 |
_aElectronic books. _2local |
|
| 700 | 1 |
_aCassidy, Dan, _d1954- |
|
| 710 | 2 | _aebrary, Inc. | |
| 856 | 4 | 0 |
_uhttp://site.ebrary.com/lib/rucke/Doc?id=10520083 _zAn electronic book accessible through the World Wide Web; click to view |
| 999 |
_c140890 _d140890 |
||